LIBRARY & INFORMATION CENTRE, KCAET, TAVANUR

ONLINE PUBLIC ACCESS CATALOGUE (OPAC)

Jaimaneeyaswamedham: Kilippattu / (Record no. 4035)

MARC details
000 -LEADER
fixed length control field 00479cam a2200181ua 4500
041 ## - LANGUAGE CODE
Language code of text/sound track or separate title mal
082 ## - DEWEY DECIMAL CLASSIFICATION NUMBER
Classification number 894.8121
Item number ACH/JA
100 ## - MAIN ENTRY--AUTHOR NAME
Personal name Achutha Menon, Kathottil .
245 ## - TITLE STATEMENT
Title Jaimaneeyaswamedham: Kilippattu /
250 ## - EDITION STATEMENT
Edition statement 2 /
260 ## - PUBLICATION, DISTRIBUTION, ETC. (IMPRINT)
Place of publication Kodungallur :
Name of publisher Kerala Book house ,
Year of publication 1963.
300 ## - PHYSICAL DESCRIPTION
Number of Pages 630 ; .
942 ## - ADDED ENTRY ELEMENTS (KOHA)
Koha item type Books
Holdings
Withdrawn status Lost status Damaged status Home library Current library Date acquired Full call number Accession Number Koha item type
      KAUAET KAUAET 07/04/2012 894.8121 1570 Books
free website counter